| 000 | 00806nam a2200253 i 4500 | ||
|---|---|---|---|
| 001 | 18838 | ||
| 003 | ES-MaACL | ||
| 005 | 20230906151932.0 | ||
| 007 | t| | ||
| 008 | 020321s1990 sp ||||0| spa d | ||
| 016 | 7 | _zCEN920147965 | |
| 020 | _a84-7863-011-2 | ||
| 040 |
_aM-BN _bspa _cCEN |
||
| 080 | _a323(460)"1977/..." | ||
| 100 | 1 |
_aSinova, Justino. _9106650 |
|
| 245 | 1 | 3 |
_aEl secuestro de la democracia _b: cómo regenerar el sistema político español / _cJustino Sinova, Javier Tusell. |
| 250 | _a[1ª ed.]. | ||
| 260 |
_aEsplugues de Llobregat : _bPlaza & Janés : _bCambio 16, _c1990. |
||
| 300 |
_a315 p. ; _c22 cm. |
||
| 500 | _aIndice. | ||
| 651 | 4 |
_aEspaña- _xPolítica y gobierno- _y1975-1982. _98447 |
|
| 700 | 1 |
_aTusell, Javier. _9111767 |
|
| 852 |
_aES-MaACL _jG-6111 _bR.130938 |
||
| 999 |
_c18838 _d18838 |
||